Zombies maps to their multiplayer maps - Statistics

General Stats
  • This quiz has been taken 13 times
    3 since last reset
  • The average score is 8 of 17
Answer Stats
Zombies Map Multiplayer Map % Correct
Black Ops Ascension Black Ops Launch
100%
Black Ops II Nuketown Black Ops Nuketown
100%
Black Ops Cold War Forsaken Black Ops Cold War Amerika
50%
Black Ops Cold War Mauer der Toten Black Ops Cold War U-Bahn
50%
Black Ops Moon Black Ops Hangar 18
50%
Vanguard Der Anfang Vanguard Red Star, Hotel Royal
50%
World at War Nacht der Untoten World at War Airfield
50%
World at War Verrückt World at War Asylum
50%
World at War Shi No Numa World at War Knee Deep
50%
World at War Der Riese World at War Nightfire
50%
VanguardTerra Maledicta VanguardOasis
50%
VanguardThe Archon VanguardOasis
50%
VanguardShi No Numa World at WarKnee Deep
50%
Black Ops III Der Eisendrache Black Ops 4 Der Schatten
0%
Black Ops Cold War Firebase Z Black Ops Cold War Apocalypse
0%
Black Ops III Revelations Black Ops III Infection
0%
Black Ops III Gorod Krovi World at War Revolution
0%
No matching quizzes found
Score Distribution
Percent of People with Each Score
Percentile by Number Answered
Your Score History
You have not taken this quiz since the last reset